| 000 | 00693nam a2200229Ia 4500 | ||
|---|---|---|---|
| 003 | GCL | ||
| 008 | 140319s9999 xx 000 0 ara d | ||
| 040 |
_aGCL / _cGCL |
||
| 082 | 0 | 4 |
_a150.195 _bم ف |
| 100 | 1 | _aميخائيل اسعد | |
| 245 | 1 | 0 |
_aفنون البحث فى علم النفس / _cميخائيل اسعد |
| 700 | 1 | _aمخائيل ابراهيم اسعد | |
| 260 |
_a[S.N] : _bدار الافاق الجديدة ، _c1988 |
||
| 300 | _a561 ص | ||
| 490 | _a | ||
| 650 | 0 | 4 | _aطرق البحث |
| 650 | 0 | 4 | _aعلم النفس |
| 650 | 0 | 4 | _aالتحليل النفسى |
| 650 | 0 | 4 | _aعلم النفس اللغوى |
| 650 | 0 | 4 | _aعلم الكلام |
| 942 |
_2ddc _cBK |
||
| 999 |
_c28202 _d28202 |
||